00335nam a2200097Ia 4500008004100000100002100041245006200062942000600124952009200130999001500222240331s9999 xx 000 0 und d aWijesinha, R. ed 3aAn anthology of contemporary Sri Lankan poetry in english cL 001040708LaWERCLbWERCLcSSCd2024-03-31l0o 821ANAp19r2024-03-31w2024-03-31yL c3340d3340